Wahlkreise, die am meisten Die Grünen gewählt haben - Statistiken

Allgemein
  • Dieses Quiz wurde 70 mal gespielt
    46 seit der letzten Aktualisierung
  • Das Durchschnittsergebnis liegt bei 19 aus 20
Antwortstatistiken
% Kandidat BL Wahlkreis % Korrekt
30,6 Katrin Schmidberger BE Berlin-Friedrichshain-Kreuzberg – Prenzlauer Berg Ost
100%
25,3 Hanna Steinmüller BE Berlin-Mitte
100%
25,8 Julia Schneider BE Berlin-Pankow
100%
24,7 Moritz Heuberger BE Berlin-Tempelhof-Schöneberg
100%
26,4 Omid Nouripour HE Frankfurt am Main II
100%
32,5 Chantal Kopf BW Freiburg
100%
27,5 Linda Heitmann HH Hamburg-Altona
100%
27,8 Till Steffen HH Hamburg-Eimsbüttel
100%
26,0 Luise Amtsberg SH Kiel
100%
34,1 Sven Lehmann NW Köln II
100%
26,0 Katharina Dröge NW Köln III
100%
29,8 Jamila Schäfer BY München-Süd
100%
28,9 Dieter Janecek BY München-West/Mitte
100%
28,3 Simone Fischer BW Stuttgart III
100%
27,9 Lukas Benner NW Aachen I
94%
31,2 Sylvia Rietenberg NW Münster
94%
30,6 Zoe Mayer BW Karlsruhe-Stadt
91%
24,4 Katrin Uhlig NW Bonn
89%
27,7 Franziska Brantner BW Heidelberg
86%
24,7 Gülay Kücük BW Tübingen
86%
Keine übereinstimmenden Quizze gefunden
Verteilung der Resultate
Anzahl Personen mit jedem Resultat
Perzentil nach korrekt beantworteten Fragen
Ihre Resultats-Entwicklung
Sie haben dieses Quiz seit der letzten Aktualisierung nicht gespielt